| 000 | 00778nam a2200181 i 4500 | ||
|---|---|---|---|
| 001 | 35782 | ||
| 003 | ES-MaACL | ||
| 005 | 20230906155218.0 | ||
| 007 | t| | ||
| 008 | 030214s1976 sp ||||1| baq d | ||
| 100 | 1 |
_aBozas Urrutia, Evaristo. _931214 |
|
| 245 | 1 | 0 |
_aNere herriaren ibillaldiak eta gora-eheak _b: andanzas y mudanzas de mi pueblo: (Rentería en la leyenda y en la historia) / _cEvaristo Bozas Urrutia ; traducción al euskera y notas de Rodolfo Bozas Urrutia ; presentación de Luis Michelena. |
| 260 |
_aSan Sebastián : _bSociedad Guipuzcoana de Ediciones y Publicaciones, _c[1976] |
||
| 300 |
_aXXX, 354 p., 1 lám. : _bil. ; _c22 cm. |
||
| 700 | 1 |
_aBozas Urrutia, Rodolfo. _931215 |
|
| 700 | 1 |
_aMichelena, Luis. _980916 |
|
| 852 |
_aES-MaACL _jA-6886 _bR.95349 |
||
| 999 |
_c35782 _d35782 |
||